| 000 | 00594nam a2200181Ia 4500 | ||
|---|---|---|---|
| 008 | 151202s9999||||xx |||||||||||||| ||und|| | ||
| 082 | _bPNVM-45759 | ||
| 100 | _aनिपुणगे शीला. | ||
| 245 | _aआत्मबोली. | ||
| 260 | _b"लीनता प्रकाशन आणि मुद्रणसेवा,पुणे." | ||
| 260 | _c2004 | ||
| 300 | _a176 | ||
| 600 | _aनिपुणगे शीला. | ||
| 630 | _aआत्मबोली. | ||
| 700 | _aनिपुणगे शीला. | ||
| 730 | _aआत्मबोली. | ||
| 942 | _cBOOK | ||
| 999 |
_c1311710 _d1311707 |
||